<?xml version="1.0" encoding="UTF-8"?>
<record
    xmlns:xsi="http://www.w3.org/2001/XMLSchema-instance"
    xsi:schemaLocation="http://www.loc.gov/MARC21/slim http://www.loc.gov/standards/marcxml/schema/MARC21slim.xsd"
    xmlns="http://www.loc.gov/MARC21/slim">

  <leader>01126nam a22002537a 4500</leader>
  <controlfield tag="005">20170124103146.0</controlfield>
  <datafield tag="010" ind1=" " ind2=" ">
    <subfield code="a">B-187165</subfield>
  </datafield>
  <datafield tag="020" ind1=" " ind2=" ">
    <subfield code="c">00.00</subfield>
    <subfield code="a">8174873902</subfield>
  </datafield>
  <datafield tag="035" ind1=" " ind2=" ">
    <subfield code="a">B-187165</subfield>
  </datafield>
  <datafield tag="037" ind1=" " ind2=" ">
    <subfield code="b">Cen Lib/Ret</subfield>
  </datafield>
  <datafield tag="040" ind1=" " ind2=" ">
    <subfield code="a">DPL</subfield>
    <subfield code="b">HN</subfield>
  </datafield>
  <datafield tag="082" ind1=" " ind2=" ">
    <subfield code="a">330.2</subfield>
    <subfield code="b">&#x91A;&#x93E;&#x935;&#x932;&#x93E; </subfield>
  </datafield>
  <datafield tag="100" ind1=" " ind2=" ">
    <subfield code="a">&#x91A;&#x93E;&#x935;&#x932;&#x93E;, &#x91A;&#x928;&#x94D;&#x926;&#x94D;&#x930;&#x915;&#x93E;&#x928;&#x94D;&#x924;&#x93E; </subfield>
    <subfield code="9">42758</subfield>
  </datafield>
  <datafield tag="245" ind1=" " ind2=" ">
    <subfield code="a">&#x906;&#x930;&#x94D;&#x925;&#x93F;&#x915; &#x92A;&#x94D;&#x930;&#x923;&#x93E;&#x932;&#x93F;&#x92F;&#x93E;&#x901; /</subfield>
    <subfield code="c">&#x91A;&#x928;&#x94D;&#x926;&#x94D;&#x930;&#x915;&#x93E;&#x928;&#x94D;&#x924;&#x93E; &#x91A;&#x93E;&#x935;&#x932;&#x93E;</subfield>
  </datafield>
  <datafield tag="246" ind1=" " ind2=" ">
    <subfield code="a">Arthik pranaliyan /</subfield>
    <subfield code="b">by Chandrakanta Chawla </subfield>
  </datafield>
  <datafield tag="260" ind1=" " ind2=" ">
    <subfield code="b">&#x930;&#x93E;&#x927;&#x93E; &#x92A;&#x92C;&#x94D;&#x932;&#x93F;&#x915;&#x947;&#x936;&#x928;&#x94D;&#x938; </subfield>
    <subfield code="a">&#x928;&#x908; &#x926;&#x93F;&#x932;&#x94D;&#x932;&#x940; </subfield>
    <subfield code="c">2005</subfield>
  </datafield>
  <datafield tag="270" ind1=" " ind2=" ">
    <subfield code="b">&#x928;&#x908; &#x926;&#x93F;&#x932;&#x94D;&#x932;&#x940; </subfield>
    <subfield code="a">4378/4&#x92C;&#x940;, &#x905;&#x902;&#x938;&#x93E;&#x930;&#x940; &#x930;&#x94B;&#x921;, &#x926;&#x930;&#x93F;&#x92F;&#x93E;&#x917;&#x902;&#x91C;</subfield>
    <subfield code="e">110002</subfield>
  </datafield>
  <datafield tag="300" ind1=" " ind2=" ">
    <subfield code="a">183&#x92A;&#x943;. </subfield>
    <subfield code="c">21&#x938;&#x947;&#x92E;&#x940;(&#x938;&#x91C;&#x93F;&#x932;&#x94D;&#x926;)</subfield>
  </datafield>
  <datafield tag="650" ind1=" " ind2=" ">
    <subfield code="a">&#x92D;&#x93E;&#x930;&#x924; -- &#x906;&#x930;&#x94D;&#x925;&#x93F;&#x915; &#x92A;&#x94D;&#x930;&#x923;&#x93E;&#x932;&#x940; </subfield>
    <subfield code="9">85982</subfield>
  </datafield>
  <datafield tag="650" ind1=" " ind2=" ">
    <subfield code="a">&#x92D;&#x93E;&#x930;&#x924; -- &#x930;&#x93E;&#x937;&#x94D;&#x91F;&#x94D;&#x930;&#x940;&#x92F; &#x906;&#x92F; </subfield>
    <subfield code="9">85983</subfield>
  </datafield>
  <datafield tag="650" ind1=" " ind2=" ">
    <subfield code="a">India - Economic System</subfield>
    <subfield code="9">85984</subfield>
  </datafield>
  <datafield tag="650" ind1=" " ind2=" ">
    <subfield code="a">India - National Income</subfield>
    <subfield code="9">85985</subfield>
  </datafield>
  <datafield tag="942" ind1=" " ind2=" ">
    <subfield code="2">ddc</subfield>
    <subfield code="c">HN</subfield>
    <subfield code="h">330.2</subfield>
    <subfield code="m">&#x91A;&#x93E;&#x935;&#x932;&#x93E; </subfield>
  </datafield>
  <datafield tag="999" ind1=" " ind2=" ">
    <subfield code="c">119637</subfield>
    <subfield code="d">119637</subfield>
  </datafield>
  <datafield tag="952" ind1=" " ind2=" ">
    <subfield code="0">0</subfield>
    <subfield code="1">0</subfield>
    <subfield code="4">0</subfield>
    <subfield code="7">0</subfield>
    <subfield code="a">L</subfield>
    <subfield code="b">L</subfield>
    <subfield code="d">2015-09-17</subfield>
    <subfield code="e">Cen Lib/Ret</subfield>
    <subfield code="g">0.00</subfield>
    <subfield code="l">1</subfield>
    <subfield code="o">330.2 &#x91A;&#x93E;&#x935;&#x932;&#x93E;</subfield>
    <subfield code="p">B-187165</subfield>
    <subfield code="r">2024-05-10 00:00:00</subfield>
    <subfield code="s">2024-04-30</subfield>
    <subfield code="t">1</subfield>
    <subfield code="v">0.00</subfield>
    <subfield code="w">2015-09-17</subfield>
    <subfield code="y">HN</subfield>
  </datafield>
</record>
